Statistics for Former "Country" Flags #14-East Asia

Click here to take the quiz!

General Stats

  • This quiz has been taken 38 times
  • The average score is 15 of 34

Answer Stats

Answer% Correct
Republic of China
94%
People's Revolutionary Government of the Republic of China
87%
Provisional Government of the Republic of China
87%
Reformed Government of the Republic of China
87%
Reorganized National Government of China
87%
Soviet Zone of China
87%
Soviet Zone of China
87%
Tibet
87%
Tibetan Empire
87%
Tibetan States
87%
Tibet Under Ganden Phodrang Government
87%
Inner Mongolian People's Republic
77%
Mongolian People's Republic
77%
Qing Dynasty
68%
Allied Occupied Japan
58%
Ming Dynasty
39%
Manchukuo
26%
Republic of Formosa
19%
Tuvan People's Republic
16%
Ryukyu Kingdom
13%
Tokugawa Shogunate
13%
Kamakura and Ashikaga Shogunates
10%
Mengjiang United Autonomous Government
10%
Shanghai Great Way Government
10%
Bogd Khanate of Mongolia
6%
East Hebei Autonomous Government
6%
Guangzhou Commune
6%
Hunan and Jiangxi Soviet
6%
Hunan Soviet
6%
Jiangxi-Fujian Soviet
6%
Kingdom of Tungning
6%
Taiping Heavenly Kingdom
6%
Uryankay Krai
6%
Uryankay Republic
6%

Score Distribution

Percentile by Number Answered

Percent of People with Each Score

Your Score History

You have not taken this quiz